<?xml version="1.0" encoding="UTF-8"?>
<collection xmlns="http://www.loc.gov/MARC21/slim">
 <record>
  <leader>02997aam a22003738a 4500</leader>
  <controlfield tag="001">NCT_8930</controlfield>
  <controlfield tag="008">120830s2012                  ||||||viesd</controlfield>
  <datafield tag="999" ind1=" " ind2=" ">
   <subfield code="c">445</subfield>
   <subfield code="d">445</subfield>
  </datafield>
  <datafield tag="020" ind1=" " ind2=" ">
   <subfield code="c">70000</subfield>
  </datafield>
  <datafield tag="082" ind1="0" ind2="4">
   <subfield code="2">23rd ed.</subfield>
   <subfield code="a">614.4</subfield>
   <subfield code="b">D302</subfield>
  </datafield>
  <datafield tag="100" ind1="1" ind2=" ">
   <subfield code="a">Nguyễn Minh Sơn</subfield>
   <subfield code="e">Chủ biên</subfield>
  </datafield>
  <datafield tag="245" ind1="1" ind2="0">
   <subfield code="a">Dịch tễ học</subfield>
   <subfield code="b">(Dùng cho đào tạo cử nhân điều dưỡng)</subfield>
   <subfield code="c">Nguyễn Minh Sơn (chủ biên), Phan Trọng Lân, Nguyễn Thị Thuỳ Dương</subfield>
  </datafield>
  <datafield tag="250" ind1=" " ind2=" ">
   <subfield code="a">Tái bản lần thứ 1 có sửa chữa và bổ sung</subfield>
  </datafield>
  <datafield tag="260" ind1=" " ind2=" ">
   <subfield code="a">H.</subfield>
   <subfield code="b">Giáo dục</subfield>
   <subfield code="c">2012</subfield>
  </datafield>
  <datafield tag="300" ind1=" " ind2=" ">
   <subfield code="a">258tr.</subfield>
   <subfield code="b">minh hoạ</subfield>
   <subfield code="c">27cm</subfield>
  </datafield>
  <datafield tag="500" ind1=" " ind2=" ">
   <subfield code="a">ĐTTS ghi: Bộ Y tế</subfield>
  </datafield>
  <datafield tag="520" ind1="3" ind2=" ">
   <subfield code="a">Giới thiệu một số kiến thức cơ bản về dịch tễ học cơ sở, dịch tễ học các bệnh lây nhiễm và dịch tễ học các bệnh không lây nhiễm</subfield>
  </datafield>
  <datafield tag="655" ind1=" " ind2=" ">
   <subfield code="a">Dược</subfield>
  </datafield>
  <datafield tag="700" ind1="1" ind2=" ">
   <subfield code="a">Phan Trọng Nhân</subfield>
  </datafield>
  <datafield tag="700" ind1="1" ind2=" ">
   <subfield code="a">Nguyễn Thị Thuỳ Dương</subfield>
  </datafield>
  <datafield tag="942" ind1=" " ind2=" ">
   <subfield code="2">ddc</subfield>
   <subfield code="c">BK</subfield>
  </datafield>
  <datafield tag="952" ind1=" " ind2=" ">
   <subfield code="0">0</subfield>
   <subfield code="1">0</subfield>
   <subfield code="2">ddc</subfield>
   <subfield code="4">0</subfield>
   <subfield code="6">614_400000000000000_D302</subfield>
   <subfield code="7">0</subfield>
   <subfield code="9">2362</subfield>
   <subfield code="a">000001</subfield>
   <subfield code="b">000001</subfield>
   <subfield code="d">2017-10-30</subfield>
   <subfield code="l">2</subfield>
   <subfield code="o">614.4 D302</subfield>
   <subfield code="p">MD.04801</subfield>
   <subfield code="r">2020-03-24</subfield>
   <subfield code="s">2020-03-18</subfield>
   <subfield code="v">70000.00</subfield>
   <subfield code="w">2017-10-30</subfield>
   <subfield code="y">BK</subfield>
  </datafield>
  <datafield tag="952" ind1=" " ind2=" ">
   <subfield code="0">0</subfield>
   <subfield code="1">0</subfield>
   <subfield code="2">ddc</subfield>
   <subfield code="4">0</subfield>
   <subfield code="6">614_400000000000000_D302</subfield>
   <subfield code="7">0</subfield>
   <subfield code="9">2363</subfield>
   <subfield code="a">000001</subfield>
   <subfield code="b">000001</subfield>
   <subfield code="d">2017-10-30</subfield>
   <subfield code="o">614.4 D302</subfield>
   <subfield code="p">MD.04802</subfield>
   <subfield code="r">2017-10-30</subfield>
   <subfield code="v">70000.00</subfield>
   <subfield code="w">2017-10-30</subfield>
   <subfield code="y">BK</subfield>
  </datafield>
  <datafield tag="952" ind1=" " ind2=" ">
   <subfield code="0">0</subfield>
   <subfield code="1">0</subfield>
   <subfield code="2">ddc</subfield>
   <subfield code="4">0</subfield>
   <subfield code="6">614_400000000000000_D302</subfield>
   <subfield code="7">0</subfield>
   <subfield code="9">2364</subfield>
   <subfield code="a">000001</subfield>
   <subfield code="b">000001</subfield>
   <subfield code="d">2017-10-30</subfield>
   <subfield code="l">1</subfield>
   <subfield code="o">614.4 D302</subfield>
   <subfield code="p">MD.04803</subfield>
   <subfield code="r">2019-05-13</subfield>
   <subfield code="s">2019-05-09</subfield>
   <subfield code="v">70000.00</subfield>
   <subfield code="w">2017-10-30</subfield>
   <subfield code="y">BK</subfield>
  </datafield>
  <datafield tag="952" ind1=" " ind2=" ">
   <subfield code="0">0</subfield>
   <subfield code="1">0</subfield>
   <subfield code="2">ddc</subfield>
   <subfield code="4">0</subfield>
   <subfield code="6">614_400000000000000_D302</subfield>
   <subfield code="7">0</subfield>
   <subfield code="9">2365</subfield>
   <subfield code="a">000001</subfield>
   <subfield code="b">000001</subfield>
   <subfield code="d">2017-10-30</subfield>
   <subfield code="o">614.4 D302</subfield>
   <subfield code="p">MD.04804</subfield>
   <subfield code="r">2017-10-30</subfield>
   <subfield code="v">70000.00</subfield>
   <subfield code="w">2017-10-30</subfield>
   <subfield code="y">BK</subfield>
  </datafield>
  <datafield tag="952" ind1=" " ind2=" ">
   <subfield code="0">0</subfield>
   <subfield code="1">0</subfield>
   <subfield code="2">ddc</subfield>
   <subfield code="4">0</subfield>
   <subfield code="6">614_400000000000000_D302</subfield>
   <subfield code="7">0</subfield>
   <subfield code="9">2366</subfield>
   <subfield code="a">000001</subfield>
   <subfield code="b">000001</subfield>
   <subfield code="d">2017-10-30</subfield>
   <subfield code="l">2</subfield>
   <subfield code="o">614.4 D302</subfield>
   <subfield code="p">MD.04496</subfield>
   <subfield code="r">2020-03-16</subfield>
   <subfield code="s">2020-03-13</subfield>
   <subfield code="v">70000.00</subfield>
   <subfield code="w">2017-10-30</subfield>
   <subfield code="y">BK</subfield>
  </datafield>
  <datafield tag="952" ind1=" " ind2=" ">
   <subfield code="0">0</subfield>
   <subfield code="1">0</subfield>
   <subfield code="2">ddc</subfield>
   <subfield code="4">0</subfield>
   <subfield code="6">614_400000000000000_D302</subfield>
   <subfield code="7">0</subfield>
   <subfield code="9">2367</subfield>
   <subfield code="a">000001</subfield>
   <subfield code="b">000001</subfield>
   <subfield code="d">2017-10-30</subfield>
   <subfield code="o">614.4 D302</subfield>
   <subfield code="p">MD.04497</subfield>
   <subfield code="r">2017-10-30</subfield>
   <subfield code="v">70000.00</subfield>
   <subfield code="w">2017-10-30</subfield>
   <subfield code="y">BK</subfield>
  </datafield>
  <datafield tag="952" ind1=" " ind2=" ">
   <subfield code="0">0</subfield>
   <subfield code="1">0</subfield>
   <subfield code="2">ddc</subfield>
   <subfield code="4">0</subfield>
   <subfield code="6">614_400000000000000_D302</subfield>
   <subfield code="7">0</subfield>
   <subfield code="9">2368</subfield>
   <subfield code="a">000001</subfield>
   <subfield code="b">000001</subfield>
   <subfield code="d">2017-10-30</subfield>
   <subfield code="o">614.4 D302</subfield>
   <subfield code="p">MD.04498</subfield>
   <subfield code="r">2017-10-30</subfield>
   <subfield code="v">70000.00</subfield>
   <subfield code="w">2017-10-30</subfield>
   <subfield code="y">BK</subfield>
  </datafield>
  <datafield tag="952" ind1=" " ind2=" ">
   <subfield code="0">0</subfield>
   <subfield code="1">0</subfield>
   <subfield code="2">ddc</subfield>
   <subfield code="4">0</subfield>
   <subfield code="6">614_400000000000000_D302</subfield>
   <subfield code="7">0</subfield>
   <subfield code="9">2369</subfield>
   <subfield code="a">000001</subfield>
   <subfield code="b">000001</subfield>
   <subfield code="d">2017-10-30</subfield>
   <subfield code="o">614.4 D302</subfield>
   <subfield code="p">MD.04499</subfield>
   <subfield code="r">2017-10-30</subfield>
   <subfield code="v">70000.00</subfield>
   <subfield code="w">2017-10-30</subfield>
   <subfield code="y">BK</subfield>
  </datafield>
  <datafield tag="952" ind1=" " ind2=" ">
   <subfield code="0">0</subfield>
   <subfield code="1">0</subfield>
   <subfield code="2">ddc</subfield>
   <subfield code="4">0</subfield>
   <subfield code="6">614_400000000000000_D302</subfield>
   <subfield code="7">0</subfield>
   <subfield code="9">2370</subfield>
   <subfield code="a">000001</subfield>
   <subfield code="b">000001</subfield>
   <subfield code="d">2017-10-30</subfield>
   <subfield code="l">1</subfield>
   <subfield code="o">614.4 D302</subfield>
   <subfield code="p">MD.04500</subfield>
   <subfield code="r">2020-03-24</subfield>
   <subfield code="s">2020-03-09</subfield>
   <subfield code="v">70000.00</subfield>
   <subfield code="w">2017-10-30</subfield>
   <subfield code="y">BK</subfield>
  </datafield>
  <datafield tag="952" ind1=" " ind2=" ">
   <subfield code="0">0</subfield>
   <subfield code="1">0</subfield>
   <subfield code="2">ddc</subfield>
   <subfield code="4">0</subfield>
   <subfield code="6">614_400000000000000_D302</subfield>
   <subfield code="7">0</subfield>
   <subfield code="9">7422</subfield>
   <subfield code="a">000001</subfield>
   <subfield code="b">000001</subfield>
   <subfield code="d">2018-04-21</subfield>
   <subfield code="l">1</subfield>
   <subfield code="o">614.4 D302</subfield>
   <subfield code="p">MD.10981</subfield>
   <subfield code="r">2019-05-21</subfield>
   <subfield code="s">2019-05-17</subfield>
   <subfield code="v">70000.00</subfield>
   <subfield code="w">2018-04-21</subfield>
   <subfield code="y">BK</subfield>
  </datafield>
  <datafield tag="952" ind1=" " ind2=" ">
   <subfield code="0">0</subfield>
   <subfield code="1">0</subfield>
   <subfield code="2">ddc</subfield>
   <subfield code="4">0</subfield>
   <subfield code="6">614_400000000000000_D302</subfield>
   <subfield code="7">0</subfield>
   <subfield code="9">7423</subfield>
   <subfield code="a">000001</subfield>
   <subfield code="b">000001</subfield>
   <subfield code="d">2018-04-21</subfield>
   <subfield code="o">614.4 D302</subfield>
   <subfield code="p">MD.10972</subfield>
   <subfield code="r">2018-04-21</subfield>
   <subfield code="v">70000.00</subfield>
   <subfield code="w">2018-04-21</subfield>
   <subfield code="y">BK</subfield>
  </datafield>
  <datafield tag="952" ind1=" " ind2=" ">
   <subfield code="0">0</subfield>
   <subfield code="1">0</subfield>
   <subfield code="2">ddc</subfield>
   <subfield code="4">0</subfield>
   <subfield code="6">614_400000000000000_D302</subfield>
   <subfield code="7">0</subfield>
   <subfield code="9">7424</subfield>
   <subfield code="a">000001</subfield>
   <subfield code="b">000001</subfield>
   <subfield code="d">2018-04-21</subfield>
   <subfield code="l">1</subfield>
   <subfield code="o">614.4 D302</subfield>
   <subfield code="p">MD.10973</subfield>
   <subfield code="r">2020-03-27</subfield>
   <subfield code="s">2020-03-21</subfield>
   <subfield code="v">70000.00</subfield>
   <subfield code="w">2018-04-21</subfield>
   <subfield code="y">BK</subfield>
  </datafield>
  <datafield tag="980" ind1=" " ind2=" ">
   <subfield code="a">Thư viện Trường Đại học Nam Cần Thơ</subfield>
  </datafield>
 </record>
</collection>
